000 00372nam a2200133Ia 4500
005 20251222144830.0
008 251222s9999||||xx |||||||||||||| ||spa||
020 _a978-9972-57-119-0
082 _a362.109.85/P48
100 _aPetrera, Margarita
245 0 _aRepensando la Salud en el Perú
264 _bCentro de Investigación Universidad del Pacífico
942 _cLIB
999 _c20814
_d20814